[Event "RUS Cup"]
[Site "Internet"]
[Date "2004.09.07"]
[Round "?"]
[White "Iljushin, Alexei"]
[Black "Poluljahov, Aleksandr"]
[Result "1-0"]
[WhiteElo "2553"]
[BlackElo "2516"]
[PlyCount "73"]
[EventDate "2004.09.??"]
[EventType "swiss"]
[EventRounds "13"]
[EventCountry "RUS"]
[Source "ChessBase"]
[SourceDate "2004.11.03"]

1. d4 Nf6 2. c4 e6 3. Nc3 Bb4 4. e3 O-O 5. Nge2 d5 6. cxd5 exd5 7. g3 c6 8. Bg2
Re8 9. Qc2 a5 10. O-O Na6 11. f3 Bf8 12. e4 Nb4 13. Qd1 c5 14. Bg5 cxd4 15.
Nxd4 Bc5 16. Nce2 dxe4 17. Kh1 h6 18. Bxf6 Qxf6 19. fxe4 Qe5 20. a3 Nc6 21.
Nxc6 bxc6 22. Qc2 Rb8 23. Nf4 Rxb2 24. Qc4 Qd4 25. Qc1 Bg4 26. h3 Be2 27. Re1
Ba6 28. Rb1 Reb8 29. Rxb2 Rxb2 30. e5 Qf2 31. e6 fxe6 32. Qc3 Rc2 33. Qe5 Bc4
34. Rf1 Bxf1 35. Qxe6+ Kh8 36. Qe8+ Kh7 37. Be4+ 1-0

[Event "Calvia ol (Men)"]
[Site "Mallorca"]
[Date "2004.10.19"]
[Round "5"]
[White "Kortschnoj, Viktor"]
[Black "Xu Jun"]
[Result "0-1"]
[WhiteElo "2601"]
[BlackElo "2589"]
[PlyCount "94"]
[EventDate "2004.10.15"]
[EventType "team"]
[EventRounds "14"]
[EventCountry "ESP"]
[Source "ChessBase"]
[SourceDate "2005.01.27"]

1. d4 Nf6 2. c4 e6 3. Nc3 Bb4 4. e3 O-O 5. Nf3 c5 6. Be2 d5 7. a3 Bxc3+ 8. bxc3
dxc4 9. Bxc4 b6 10. Qe2 Bb7 11. Bb2 Nbd7 12. O-O Qc7 13. Bd3 Be4 14. Bxe4 Nxe4
15. c4 Rfd8 16. Rac1 Qb7 17. Rfd1 Rac8 18. Ba1 h6 19. Qb2 Ndf6 20. Ne5 cxd4 21.
exd4 Nd6 22. a4 Nf5 23. a5 Qa6 24. axb6 axb6 25. Qb1 Nd7 26. Nxf7 Kxf7 27. d5
Nf6 28. dxe6+ Kg6 29. Rxd8 Rxd8 30. h3 h5 31. Re1 Qxc4 32. e7 Re8 33. Re5 Qc8
34. Bb2 Qd7 35. Ba3 Rc8 36. Qxb6 Kf7 37. Qb3+ Ke8 38. Qb1 g6 39. Qb4 Qc7 40.
Qb5+ Kf7 41. Qb3+ Qc4 42. Qb7 Ne8 43. Qf3 Nf6 44. Qb7 Rc7 45. Qb8 Nxe7 46. Qd8
Nfg8 47. Re3 Rb7 0-1

[Event "Calvia ol (Men)"]
[Site "Mallorca"]
[Date "2004.10.19"]
[Round "5"]
[White "Bischoff, Klaus"]
[Black "Dizdar, Goran"]
[Result "1/2-1/2"]
[WhiteElo "2559"]
[BlackElo "2535"]
[PlyCount "79"]
[EventDate "2004.10.15"]
[EventType "team"]
[EventRounds "14"]
[EventCountry "ESP"]
[Source "ChessBase"]
[SourceDate "2005.01.27"]

1. d4 Nf6 2. c4 e6 3. Nc3 Bb4 4. e3 d5 5. a3 Bxc3+ 6. bxc3 O-O 7. cxd5 exd5 8.
Bd3 b6 9. Ne2 Ba6 10. Bxa6 Nxa6 11. Qd3 Qc8 12. f3 Qb7 13. g4 c5 14. O-O Rfe8
15. Ng3 Rad8 16. Rb1 Re6 17. a4 Ne8 18. Rb2 Nd6 19. Re2 Rde8 20. Rfe1 Qc8 21.
e4 cxd4 22. cxd4 Qc4 23. Qxc4 Nxc4 24. exd5 Rxe2 25. Rxe2 Rxe2 26. Nxe2 Nb4 27.
Nc3 Kf8 28. Kf1 Nd3 29. Bg5 f6 30. Ke2 Nb4 31. Bf4 Ke7 32. h4 a6 33. h5 Kd7 34.
g5 fxg5 35. Bxg5 Nd6 36. Bf4 b5 37. Bxd6 Kxd6 38. axb5 axb5 39. Nxb5+ Kxd5 40.
Ke3 1/2-1/2

[Event "Calvia ol (Men)"]
[Site "Mallorca"]
[Date "2004.10.19"]
[Round "5"]
[White "Babula, Vlastimil"]
[Black "Nikolaidis, Ioannis"]
[Result "1/2-1/2"]
[WhiteElo "2571"]
[BlackElo "2527"]
[PlyCount "38"]
[EventDate "2004.10.15"]
[EventType "team"]
[EventRounds "14"]
[EventCountry "ESP"]
[Source "ChessBase"]
[SourceDate "2005.01.27"]

1. d4 Nf6 2. c4 e6 3. Nc3 Bb4 4. e3 c5 5. Bd3 O-O 6. Nf3 d5 7. O-O dxc4 8. Bxc4
Nbd7 9. a3 Ba5 10. Re1 a6 11. Bf1 cxd4 12. exd4 b5 13. b4 Bc7 14. a4 Bd6 15.
Rb1 bxa4 16. Nxa4 a5 17. bxa5 Qxa5 18. Nb2 Ba6 19. Bd2 Qc7 1/2-1/2

[Event "Calvia ol (Men)"]
[Site "Mallorca"]
[Date "2004.10.20"]
[Round "6"]
[White "Socko, Bartosz"]
[Black "Spasov, Vasil"]
[Result "1/2-1/2"]
[WhiteElo "2570"]
[BlackElo "2534"]
[PlyCount "79"]
[EventDate "2004.10.15"]
[EventType "team"]
[EventRounds "14"]
[EventCountry "ESP"]
[Source "ChessBase"]
[SourceDate "2005.01.27"]

1. d4 Nf6 2. c4 e6 3. Nc3 Bb4 4. e3 O-O 5. Nge2 d5 6. a3 Be7 7. cxd5 exd5 8. b4
c6 9. Ng3 Re8 10. Bd3 Nbd7 11. O-O Nf8 12. Bd2 Ng6 13. Qc2 Bd6 14. Rae1 Qc7 15.
Nce2 Ne4 16. Nxe4 dxe4 17. Bxe4 Bxh2+ 18. Kh1 Qe7 19. Kxh2 Qh4+ 20. Kg1 Rxe4
21. f3 Re8 22. e4 Bd7 23. Qc5 h6 24. Qd6 Rad8 25. Qg3 Qxg3 26. Nxg3 Be6 27. Be3
Ne7 28. Rc1 a6 29. Rc5 f5 30. Bf2 fxe4 31. fxe4 Ng6 32. Rd1 Bg4 33. Rd2 Nf8 34.
Rcc2 Nd7 35. d5 cxd5 36. exd5 Nf6 37. Rc7 Rxd5 38. Rxd5 Nxd5 39. Rxb7 h5 40. b5
1/2-1/2

[Event "Calvia ol (Men)"]
[Site "Mallorca"]
[Date "2004.10.20"]
[Round "6"]
[White "Beliavsky, Alexander G"]
[Black "Babula, Vlastimil"]
[Result "1/2-1/2"]
[WhiteElo "2660"]
[BlackElo "2571"]
[PlyCount "50"]
[EventDate "2004.10.15"]
[EventType "team"]
[EventRounds "14"]
[EventCountry "ESP"]
[Source "ChessBase"]
[SourceDate "2005.01.27"]

1. d4 Nf6 2. c4 e6 3. Nc3 Bb4 4. e3 c5 5. Nge2 d5 6. a3 Ba5 7. cxd5 cxd4 8.
Qxd4 exd5 9. Qe5+ Be6 10. Nd4 Nbd7 11. Qg5 O-O 12. Bd2 h6 13. Qh4 Ne5 14. Be2
Re8 15. f3 Bd7 16. O-O Rc8 17. Rfd1 Bb6 18. Ncb5 Bc6 19. Bb4 Bxb5 20. Bxb5 Nc6
21. Qf2 Bxd4 22. exd4 Qb6 23. Bxc6 Qxc6 24. Bd2 Qc2 25. Rab1 Nd7 1/2-1/2

[Event "Calvia ol (Men)"]
[Site "Mallorca"]
[Date "2004.10.25"]
[Round "10"]
[White "Granda Zuniga, Julio E"]
[Black "Winants, Luc"]
[Result "1/2-1/2"]
[WhiteElo "2605"]
[BlackElo "2519"]
[PlyCount "73"]
[EventDate "2004.10.15"]
[EventType "team"]
[EventRounds "14"]
[EventCountry "ESP"]
[Source "ChessBase"]
[SourceDate "2005.01.27"]

1. d4 Nf6 2. c4 e6 3. Nc3 Bb4 4. e3 b6 5. Nge2 Ne4 6. Qc2 Bb7 7. a3 Bxc3+ 8.
Nxc3 Nxc3 9. Qxc3 O-O 10. b3 d6 11. Bb2 Nd7 12. O-O-O Qe7 13. f3 d5 14. Bd3 f5
15. Kb1 c5 16. Bc2 a5 17. Rhe1 a4 18. bxa4 dxc4 19. e4 fxe4 20. Bxe4 Bxe4+ 21.
Rxe4 cxd4 22. Rexd4 Nc5 23. Rxc4 Nxa4 24. Qb4 Qf7 25. Rd2 Nxb2 26. Kxb2 h6 27.
Rc3 Rfd8 28. Rxd8+ Rxd8 29. Qxb6 Rd2+ 30. Rc2 Qf6+ 31. Kb3 Rd1 32. Qf2 Qd8 33.
Qe2 Qb6+ 34. Kc3 Qd4+ 35. Kb3 Qb6+ 36. Kc3 Qd4+ 37. Kb3 1/2-1/2

[Event "Calvia ol (Men)"]
[Site "Mallorca"]
[Date "2004.10.26"]
[Round "11"]
[White "Sargissian, Gabriel"]
[Black "Jenni, Florian"]
[Result "1/2-1/2"]
[WhiteElo "2611"]
[BlackElo "2503"]
[PlyCount "172"]
[EventDate "2004.10.15"]
[EventType "team"]
[EventRounds "14"]
[EventCountry "ESP"]
[Source "ChessBase"]
[SourceDate "2005.01.27"]

1. d4 Nf6 2. c4 e6 3. Nc3 Bb4 4. e3 O-O 5. Nge2 d5 6. a3 Be7 7. cxd5 exd5 8. b4
c6 9. Ng3 Re8 10. Bd3 Nbd7 11. O-O Nb6 12. Rb1 a5 13. bxa5 Rxa5 14. Qb3 Na8 15.
a4 Bd6 16. Bd2 Ra7 17. f3 Qc7 18. Nce2 h5 19. Rfe1 h4 20. Nf1 b6 21. Qc2 c5 22.
Nc3 Bd7 23. Nb5 Bxb5 24. Bxb5 Re6 25. Qf5 Qd8 26. dxc5 Bxc5 27. Bb4 Nc7 28.
Bxc5 bxc5 29. e4 g6 30. Qg5 dxe4 31. Qxc5 Nxb5 32. axb5 Rc7 33. Qf2 h3 34. gxh3
Rc3 35. b6 Rxf3 36. b7 Nd7 37. Qc2 Qg5+ 38. Ng3 Kh7 39. Rxe4 Rxg3+ 40. hxg3
Qxg3+ 41. Qg2 Qxg2+ 42. Kxg2 Rxe4 43. Rd1 Nb8 44. Rd8 Nc6 45. Rc8 Rb4 46. Rxc6
Rxb7 47. Rc5 Rb3 48. Ra5 Kh6 49. Rc5 f5 50. Rc6 Kg5 51. Rc4 Re3 52. Ra4 Re4 53.
Ra6 Kh5 54. Rb6 Ra4 55. Rc6 Ra2+ 56. Kf3 Ra3+ 57. Kg2 Ra8 58. Rb6 g5 59. Rb7
Ra2+ 60. Kf3 Ra3+ 61. Kg2 f4 62. Rb8 Ra2+ 63. Kf3 Ra3+ 64. Kg2 Rg3+ 65. Kh2 Kg6
66. Rb6+ Kh5 67. Rb8 Re3 68. Kg2 Re2+ 69. Kf3 Rh2 70. Rh8+ Kg6 71. Rg8+ Kf6 72.
Rh8 Ra2 73. Rb8 Rh2 74. Rh8 Rd2 75. Rf8+ Kg7 76. Rf5 Kg6 77. Rf8 Rh2 78. Rg8+
Kh6 79. Rh8+ Kg7 80. Rh5 Kf6 81. Rh8 Rd2 82. Rf8+ Ke6 83. h4 gxh4 84. Rxf4 h3
85. Kg3 h2 86. Rh4 Kf5 1/2-1/2

[Event "Bundesliga 0405"]
[Site "Germany"]
[Date "2004.11.27"]
[Round "3.5"]
[White "Babula, Vlastimil"]
[Black "Jobava, Baadur"]
[Result "1/2-1/2"]
[WhiteElo "2571"]
[BlackElo "2614"]
[PlyCount "64"]
[EventDate "2004.11.12"]
[EventType "team"]
[EventRounds "15"]
[EventCountry "GER"]
[Source "ChessBase"]
[SourceDate "2005.04.01"]

1. d4 Nf6 2. c4 e6 3. Nc3 Bb4 4. e3 c5 5. Bd3 O-O 6. Nf3 d5 7. O-O Nc6 8. a3
Bxc3 9. bxc3 Qc7 10. Bb2 Rd8 11. Qe2 b6 12. cxd5 exd5 13. c4 dxc4 14. Bxc4 cxd4
15. Rac1 Bg4 16. Bb5 Rd6 17. exd4 a6 18. Bxc6 Rxc6 19. h3 Re8 20. Qd3 Bxf3 21.
Qxf3 Rxc1 22. Rxc1 Qd7 23. d5 Qxd5 24. Qxd5 Nxd5 25. Rc6 f6 26. Bd4 Kf7 27. Rd6
Nf4 28. Bxb6 Re6 29. Rd7+ Ke8 30. Rd8+ Ke7 31. Rb8 Kd6 32. Be3 Nd5 1/2-1/2

[Event "Bundesliga 0405"]
[Site "Germany"]
[Date "2005.02.12"]
[Round "10.2"]
[White "Aronian, Levon"]
[Black "Van Wely, Loek"]
[Result "1/2-1/2"]
[WhiteElo "2675"]
[BlackElo "2681"]
[PlyCount "83"]
[EventDate "2004.11.12"]
[EventType "team"]
[EventRounds "15"]
[EventCountry "GER"]
[Source "ChessBase"]
[SourceDate "2005.06.06"]

1. d4 Nf6 2. c4 e6 3. Nc3 Bb4 4. e3 O-O 5. Nge2 d5 6. a3 Be7 7. cxd5 exd5 8. b4
Re8 9. Ng3 c6 10. Bd3 a5 11. b5 c5 12. O-O Bg4 13. f3 Be6 14. f4 Bg4 15. Qd2
Bc8 16. Qa2 cxd4 17. exd4 Qb6 18. Nge2 Bg4 19. Na4 Qd6 20. Nec3 Bc8 21. b6 Bd7
22. f5 Bxa4 23. Nxa4 Nc6 24. Bf4 Qd7 25. Bb5 Ne4 26. Rad1 Rac8 27. g4 h5 28.
Qg2 h4 29. Rd3 Bg5 30. Nc5 Qd8 31. Bc7 Rxc7 32. bxc7 Qxc7 33. Re1 Nxd4 34. Nxe4
Rxe4 35. Rxe4 dxe4 36. Qxe4 Qc1+ 37. Kg2 Qb2+ 38. Kh3 Ne2 39. Qxe2 Qxe2 40.
Rd8+ Bxd8 41. Bxe2 g5 42. a4 1/2-1/2

[Event "Bundesliga 0405"]
[Site "Germany"]
[Date "2005.02.13"]
[Round "11.1"]
[White "Sargissian, Gabriel"]
[Black "Gustafsson, Jan"]
[Result "1-0"]
[WhiteElo "2602"]
[BlackElo "2603"]
[PlyCount "79"]
[EventDate "2004.11.12"]
[EventType "team"]
[EventRounds "15"]
[EventCountry "GER"]
[Source "ChessBase"]
[SourceDate "2005.06.06"]

1. d4 Nf6 2. c4 e6 3. Nc3 Bb4 4. e3 O-O 5. Nge2 d5 6. a3 Bd6 7. c5 Be7 8. b4 c6
9. Nf4 b6 10. Nd3 Nbd7 11. Bd2 bxc5 12. bxc5 e5 13. Be2 Qc7 14. f3 Re8 15. O-O
Bf8 16. Be1 Ba6 17. Bg3 Bxd3 18. Bxd3 g6 19. Re1 Bh6 20. Na2 Re6 21. Nb4 Nh5
22. Bf2 Rae8 23. Nc2 exd4 24. exd4 Qa5 25. Rxe6 Rxe6 26. g3 Qc7 27. Rb1 Re8 28.
Rb3 Nf8 29. Qb1 Ne6 30. Rb7 Qc8 31. h4 Qd8 32. Rxa7 Qf6 33. Qd1 g5 34. f4 Nexf4
35. gxf4 Nxf4 36. Qf3 g4 37. Qxg4+ Kh8 38. Qf3 Qg7+ 39. Kf1 Rg8 40. Re7 1-0

[Event "Dallas UTD"]
[Site "Dallas"]
[Date "2004.12.10"]
[Round "4"]
[White "Shulman, Yuri"]
[Black "Moiseenko, Alexander"]
[Result "1/2-1/2"]
[WhiteElo "2549"]
[BlackElo "2653"]
[PlyCount "35"]
[EventDate "2004.12.07"]
[EventType "tourn"]
[EventRounds "9"]
[EventCountry "USA"]
[EventCategory "10"]
[Source "ChessBase"]
[SourceDate "2005.04.01"]

1. d4 Nf6 2. c4 e6 3. Nc3 Bb4 4. e3 O-O 5. Nge2 Re8 6. a3 Bf8 7. e4 d5 8. e5
Nfd7 9. cxd5 exd5 10. Be3 c5 11. f4 Nc6 12. dxc5 Bxc5 13. Bxc5 Nxc5 14. b4 Ne6
15. Qxd5 Qb6 16. Qe4 a5 17. Nd5 Qd8 18. b5 1/2-1/2

[Event "Carlos Torre Wimbledon 17th"]
[Site "Yucatan"]
[Date "2004.12.17"]
[Round "1.4"]
[White "Milov, Vadim"]
[Black "Gonzalez Zamora, Juan Carlos"]
[Result "1-0"]
[WhiteElo "2683"]
[BlackElo "2524"]
[PlyCount "125"]
[EventDate "2004.12.13"]
[EventType "k.o."]
[EventRounds "4"]
[EventCountry "MEX"]
[Source "ChessBase"]
[SourceDate "2005.04.01"]

1. d4 Nf6 2. c4 e6 3. Nc3 Bb4 4. e3 c5 5. Nge2 cxd4 6. exd4 d5 7. a3 Be7 8. Nf4
dxc4 9. Bxc4 O-O 10. O-O Nbd7 11. Ba2 Nb6 12. Be3 Bd6 13. Qf3 a6 14. Rad1 Rb8
15. h3 Bd7 16. d5 Nbxd5 17. Nfxd5 Nxd5 18. Bxd5 exd5 19. Qxd5 Bc6 20. Qxd6 Qh4
21. Rd4 Qh5 22. Qg3 f6 23. Rfd1 Rbe8 24. Nd5 Qf7 25. Nb4 Ba4 26. Rc1 Bb5 27.
Rc7 Re7 28. Rxe7 Qxe7 29. Qd6 Qxd6 30. Rxd6 Rc8 31. Rb6 Rc7 32. b3 Be8 33. Nd3
Bc6 34. a4 Kf7 35. Nc5 Bd5 36. b4 h5 37. h4 Re7 38. b5 axb5 39. axb5 Kg6 40.
Rd6 Bc4 41. b6 Kf5 42. Kh2 Bb5 43. Nxb7 Ke5 44. Bd4+ Kf4 45. Nc5 Kg4 46. b7
Rxb7 47. Nxb7 Kxh4 48. Rd5 Kg4 49. Be3 Be2 50. Nc5 h4 51. Nd3 g5 52. f3+ Bxf3
53. Nf2+ Kh5 54. gxf3 Kg6 55. Kh3 Kh5 56. Ng4 Kg6 57. Rd6 Kh5 58. Nxf6+ Kg6 59.
Kg4 h3 60. Bxg5 h2 61. Ne4+ Kg7 62. Ng3 Kf7 63. Kf5 1-0

[Event "Carlos Torre Wimbledon 17th"]
[Site "Yucatan"]
[Date "2004.12.18"]
[Round "2.1"]
[White "Graf, Alexander"]
[Black "Sulskis, Sarunas"]
[Result "1/2-1/2"]
[WhiteElo "2646"]
[BlackElo "2555"]
[PlyCount "116"]
[EventDate "2004.12.13"]
[EventType "k.o."]
[EventRounds "4"]
[EventCountry "MEX"]
[Source "ChessBase"]
[SourceDate "2005.04.01"]

1. d4 Nf6 2. c4 e6 3. Nc3 Bb4 4. e3 Bxc3+ 5. bxc3 d6 6. Bd3 e5 7. e4 Qe7 8. Ne2
Nh5 9. O-O g5 10. c5 dxc5 11. Ba3 Nd7 12. Bc4 O-O 13. Qc1 h6 14. Qe3 b6 15.
dxc5 Nxc5 16. Nd4 exd4 17. cxd4 Be6 18. Be2 Nf4 19. dxc5 Nxe2+ 20. Qxe2 Rfe8
21. Rfe1 Qf6 22. Bb2 Qg6 23. Qb5 Kh7 24. a4 Re7 25. Rad1 Ree8 26. Rc1 Re7 27.
Qb4 Rae8 28. cxb6 cxb6 29. Rc6 Rd7 30. a5 bxa5 31. Qxa5 Red8 32. Qa1 Qh5 33.
Bf6 Rd1 34. Rc1 Rxe1+ 35. Rxe1 Rd2 36. Bc3 Rd3 37. Bh8 Qg6 38. Be5 g4 39. Qb1
Rb3 40. Qd1 Qg5 41. Ba1 Qa5 42. Rf1 Qb6 43. Qc1 Qb5 44. Re1 a5 45. Qd2 Rb1 46.
Bc3 a4 47. Rxb1 Qxb1+ 48. Qe1 Qxe1+ 49. Bxe1 a3 50. f3 a2 51. Bc3 Kg6 52. Kf2
f5 53. exf5+ Kxf5 54. Ke3 Bd5 55. fxg4+ Kg5 56. Kd2 Bxg2 57. Kc1 Kxg4 58. Kb2
Bd5 1/2-1/2

[Event "RUS Cup Qualifier"]
[Site "Internet"]
[Date "2004.12.24"]
[Round "?"]
[White "Volkov, Sergey"]
[Black "Tunik, Gennady"]
[Result "1-0"]
[WhiteElo "2625"]
[BlackElo "2505"]
[PlyCount "91"]
[EventDate "2004.12.24"]
[EventType "swiss (rapid)"]
[EventRounds "13"]
[EventCountry "RUS"]
[Source "ChessBase"]
[SourceDate "2005.03.03"]

1. d4 Nf6 2. c4 e6 3. Nc3 Bb4 4. e3 O-O 5. Nge2 d5 6. a3 Be7 7. cxd5 exd5 8. g3
c6 9. b4 Re8 10. Bg2 Nbd7 11. O-O a6 12. f3 Nf8 13. e4 dxe4 14. fxe4 Bg4 15.
Be3 Ng6 16. Kh1 Bf8 17. h3 Bxe2 18. Qxe2 Nd7 19. Qf2 Qe7 20. Rae1 a5 21. b5 Nb6
22. bxc6 bxc6 23. e5 Rac8 24. h4 Qe6 25. Kh2 Rc7 26. Ne4 h6 27. Bh3 Qd5 28. Bg2
Qe6 29. h5 Ne7 30. Nd6 Ned5 31. Bh3 Qe7 32. Nxe8 Qxe8 33. Bc1 Nc4 34. a4 Bb4
35. Re4 c5 36. Rg4 Kf8 37. e6 Qxe6 38. Rxg7 Qxh3+ 39. Kxh3 Kxg7 40. Qf3 Ncb6
41. Qg4+ Kh7 42. Qf5+ Kg7 43. Bf4 Rc6 44. Be5+ f6 45. Qg6+ Kf8 46. Bxf6 1-0

[Event "RUS Fed Internet Cup Final 5'"]
[Site "chessassistantclub.com INT"]
[Date "2004.12.28"]
[Round "15"]
[White "Aleksandrov, Aleksej"]
[Black "Van Wely, Loek"]
[Result "1/2-1/2"]
[WhiteElo "2659"]
[BlackElo "2681"]
[PlyCount "121"]
[EventDate "2004.12.28"]
[EventType "tourn (blitz)"]
[EventRounds "19"]
[EventCategory "15"]
[Source "ChessBase"]
[SourceDate "2005.03.03"]

1. d4 Nf6 2. c4 e6 3. Nc3 Bb4 4. e3 O-O 5. Bd3 d5 6. cxd5 exd5 7. Nge2 c6 8.
O-O a5 9. f3 c5 10. a3 cxd4 11. axb4 dxc3 12. Nxc3 Nc6 13. bxa5 Rxa5 14. Rxa5
Qxa5 15. Kh1 Re8 16. Qa4 Qxa4 17. Nxa4 Ne5 18. Bb1 Nc4 19. Re1 b5 20. Nc5 Nd7
21. Nb3 b4 22. Kg1 Ba6 23. Kf2 Nce5 24. Rd1 Bc4 25. Bc2 Rc8 26. f4 Ng4+ 27. Kf3
Nxh2+ 28. Kg3 Be2 29. Kxh2 Rxc2 30. Rxd5 Nf8 31. Rd2 Rxd2 32. Bxd2 Bd1 33. Nc5
Ne6 34. Ne4 Bc2 35. Nd6 b3 36. Bb4 f5 37. Kg3 Nc7 38. Kf2 Nd5 39. Bc5 Nf6 40.
Bd4 Ne4+ 41. Nxe4 Bxe4 42. g3 Bc2 43. Ke2 Kf7 44. Kd2 g6 45. Kc3 h5 46. Kc4 Ke6
47. Kc5 Be4 48. Kb6 Bc2 49. Kc5 Kf7 50. Kd6 Bd1 51. Bb6 Bc2 52. Ke5 Bd1 53. e4
fxe4 54. Kxe4 Bc2+ 55. Ke5 Bf5 56. Bd4 Bc2 57. Kd6 Bf5 58. Be5 Bc2 59. Bd4 Bf5
60. Be5 Bc2 61. Bd4 1/2-1/2

[Event "Seville op 30th"]
[Site "Seville"]
[Date "2005.01.11"]
[Round "5"]
[White "Peralta, Fernando"]
[Black "Khamrakulov, Ibragim S"]
[Result "1/2-1/2"]
[WhiteElo "2531"]
[BlackElo "2500"]
[PlyCount "85"]
[EventDate "2005.01.07"]
[EventType "swiss"]
[EventRounds "9"]
[EventCountry "ESP"]
[Source "ChessBase"]
[SourceDate "2005.03.03"]

1. d4 Nf6 2. c4 e6 3. Nc3 Bb4 4. e3 O-O 5. Bd3 d5 6. Nf3 c5 7. O-O cxd4 8. exd4
dxc4 9. Bxc4 Nbd7 10. Qe2 Bxc3 11. bxc3 Qc7 12. Bb2 b6 13. Bd3 Bb7 14. c4 Bc6
15. Rfe1 Qb7 16. Ne5 Nxe5 17. Qxe5 Qb8 18. Qg5 h6 19. Qh4 Qd8 20. f4 Rb8 21.
Re5 b5 22. cxb5 Nd7 23. Rg5 Qf6 24. Qh5 Rfd8 25. Rf1 Nf8 26. Rc5 Rd5 27. Qe2
Ba8 28. Bc4 Rf5 29. Qf2 Ng6 30. Rxf5 Qxf5 31. d5 Bxd5 32. Qxa7 Rd8 33. Qd4 f6
34. b6 Kh7 35. Be2 Qc2 36. Rf2 Qb1+ 37. Rf1 Qc2 38. Rf2 Qb1+ 39. Bf1 Qxa2 40.
Bd3 Rd7 41. f5 exf5 42. Bxf5 Be6 43. Bxg6+ 1/2-1/2

[Event "Corus-B"]
[Site "Wijk aan Zee"]
[Date "2005.01.15"]
[Round "1"]
[White "Ramirez Alvarez, Alejandro"]
[Black "Carlsen, Magnus"]
[Result "1/2-1/2"]
[WhiteElo "2507"]
[BlackElo "2553"]
[PlyCount "79"]
[EventDate "2005.01.15"]
[EventType "tourn"]
[EventRounds "13"]
[EventCountry "NED"]
[EventCategory "13"]
[Source "ChessBase"]
[SourceDate "2005.04.01"]

1. c4 Nf6 2. Nc3 e6 3. d4 Bb4 4. e3 O-O 5. Bd3 d5 6. Nf3 c5 7. O-O dxc4 8. Bxc4
Nbd7 9. Qb3 Qe7 10. Rd1 Nb6 11. Be2 cxd4 12. exd4 Bd7 13. Ne5 Rac8 14. Bg5 Bxc3
15. Bxf6 Qxf6 16. Nxd7 Nxd7 17. bxc3 Rc7 18. Qa3 b6 19. Qd6 Qd8 20. c4 Nf6 21.
Qf4 Rd7 22. a4 Qb8 23. Qe3 Rfd8 24. a5 h6 25. h3 Qc7 26. axb6 axb6 27. Rac1 Rd6
28. Bf3 Qa7 29. Qc3 Rc8 30. Qb4 Rcd8 31. c5 bxc5 32. dxc5 Rxd1+ 33. Bxd1 Nd5
34. Qc4 Qa3 35. Bf3 Rc8 36. Rc2 Qa1+ 37. Kh2 Qe5+ 38. g3 g6 39. Re2 Qf5 40.
Bxd5 1/2-1/2

[Event "CZE-ch"]
[Site "Karlovy Vary"]
[Date "2005.02.05"]
[Round "5"]
[White "Navara, David"]
[Black "Stocek, Jiri"]
[Result "1/2-1/2"]
[WhiteElo "2644"]
[BlackElo "2586"]
[PlyCount "81"]
[EventDate "2005.02.01"]
[EventType "tourn"]
[EventRounds "11"]
[EventCountry "CZE"]
[EventCategory "11"]
[Source "ChessBase"]
[SourceDate "2005.06.06"]

1. d4 Nf6 2. c4 e6 3. Nc3 Bb4 4. e3 c5 5. Nf3 Nc6 6. Bd3 Bxc3+ 7. bxc3 d6 8.
O-O e5 9. Nd2 O-O 10. h3 Re8 11. d5 Ne7 12. g4 Ng6 13. f4 exf4 14. exf4 h6 15.
Nf3 Ne4 16. f5 Nh4 17. Bf4 Ng5 18. Nxg5 hxg5 19. Bd2 Bd7 20. Qc1 f6 21. a4 a5
22. Kf2 Ra6 23. Re1 Rxe1 24. Qxe1 Ra8 25. Bc2 Qc7 26. Qc1 Qd8 27. Qb2 b6 28.
Re1 Rb8 29. Qc1 Rb7 30. Re3 Bc8 31. Kf1 Re7 32. Be1 Qe8 33. Rxe7 Qxe7 34. Bxh4
gxh4 35. Qe1 Qxe1+ 36. Kxe1 Kh7 37. Kd2 Kh6 38. Ke3 Kg5 39. Kf3 Bd7 40. Ke3 Be8
41. Kf3 1/2-1/2

[Event "BRA-ch 71st"]
[Site "Sao Paulo"]
[Date "2005.02.17"]
[Round "6"]
[White "Milos, Gilberto"]
[Black "Lima, Darcy"]
[Result "1-0"]
[WhiteElo "2598"]
[BlackElo "2529"]
[PlyCount "69"]
[EventDate "2005.02.14"]
[EventType "swiss"]
[EventRounds "9"]
[EventCountry "BRA"]
[Source "ChessBase"]
[SourceDate "2005.03.03"]

1. d4 Nf6 2. c4 e6 3. Nc3 Bb4 4. e3 O-O 5. Bd3 d5 6. Nf3 c5 7. O-O Nbd7 8. cxd5
exd5 9. a3 Bxc3 10. bxc3 Qc7 11. Nh4 Re8 12. f3 Nf8 13. Ra2 Ng6 14. Nf5 Bd7 15.
g4 Bc6 16. g5 Nd7 17. f4 Ne7 18. Nh4 Rf8 19. Qg4 Qa5 20. Bd2 Qa4 21. Bc2 Qc4
22. Rb2 Rae8 23. Qh3 Ng6 24. Nf5 Re6 25. e4 Rxe4 26. Nd6 Qa6 27. Nxe4 dxe4 28.
d5 Ba4 29. Bxe4 Re8 30. Qd3 c4 31. Qd4 Bb3 32. Bc1 Qxa3 33. Bxg6 hxg6 34. Re2
Qf8 35. Ba3 1-0

[Event "Moscow Aeroflot op"]
[Site "Moscow"]
[Date "2005.02.16"]
[Round "2"]
[White "Lugovoi, Aleksei"]
[Black "Naiditsch, Arkadij"]
[Result "1-0"]
[WhiteElo "2552"]
[BlackElo "2623"]
[PlyCount "67"]
[EventDate "2005.02.15"]
[EventType "swiss"]
[EventRounds "9"]
[EventCountry "RUS"]
[Source "ChessBase"]
[SourceDate "2005.06.06"]

1. d4 Nf6 2. c4 e6 3. Nc3 Bb4 4. e3 O-O 5. Bd3 d5 6. Nf3 c5 7. O-O Nc6 8. a3
Bxc3 9. bxc3 dxc4 10. Bxc4 Qc7 11. Bb2 e5 12. h3 b6 13. Ba2 Ba6 14. Re1 Rad8
15. e4 cxd4 16. cxd4 exd4 17. e5 Nd5 18. e6 fxe6 19. Rxe6 Kh8 20. Ng5 Qf4 21.
Qh5 Qxf2+ 22. Kh1 Bd3 23. Bxd5 Rxd5 24. Nf7+ Rxf7 25. Qxd5 Rf8 26. Rae1 Bg6 27.
Qd6 d3 28. Bc3 Nd8 29. R6e3 Kg8 30. Qd5+ Kh8 31. Rf3 Rxf3 32. gxf3 h6 33. Qxd8+
Kh7 34. Qf8 1-0

[Event "Moscow Aeroflot op"]
[Site "Moscow"]
[Date "2005.02.21"]
[Round "7"]
[White "Belov, Vladimir"]
[Black "Nisipeanu, Liviu Dieter"]
[Result "1/2-1/2"]
[WhiteElo "2582"]
[BlackElo "2673"]
[PlyCount "79"]
[EventDate "2005.02.15"]
[EventType "swiss"]
[EventRounds "9"]
[EventCountry "RUS"]
[Source "ChessBase"]
[SourceDate "2005.06.06"]

1. d4 Nf6 2. c4 e6 3. Nc3 Bb4 4. e3 b6 5. Nge2 Ne4 6. Qc2 Bb7 7. a3 Bxc3+ 8.
Nxc3 Nxc3 9. Qxc3 O-O 10. b4 d6 11. Bb2 Qh4 12. d5 e5 13. Be2 Nd7 14. O-O f5
15. f4 Rae8 16. Qc2 exf4 17. exf4 Nf6 18. g3 Qh6 19. Bf3 Ne4 20. b5 a6 21. a4
a5 22. Rae1 Bc8 23. Re3 Re7 24. Rfe1 Rfe8 25. Bd4 Bd7 26. Qg2 Kf8 27. Bd1 Nf6
28. Rxe7 Rxe7 29. Rxe7 Kxe7 30. Qe2+ Kd8 31. Qb2 Qg6 32. Bxf6+ Qxf6 33. Qxf6+
gxf6 34. Kg2 Ke7 35. Kh3 Kf8 36. Kh4 Kg7 37. Bh5 Kf8 38. Be2 Kg7 39. Bd3 Bc8
40. Bc2 1/2-1/2

[Event "GER-ch 76th"]
[Site "Altenkirchen"]
[Date "2005.02.24"]
[Round "7"]
[White "Jussupow, Artur"]
[Black "Gustafsson, Jan"]
[Result "1/2-1/2"]
[WhiteElo "2582"]
[BlackElo "2616"]
[PlyCount "26"]
[EventDate "2005.02.18"]
[EventType "swiss"]
[EventRounds "9"]
[EventCountry "GER"]
[Source "ChessBase"]
[SourceDate "2005.06.06"]

1. d4 Nf6 2. c4 e6 3. Nc3 Bb4 4. e3 O-O 5. Bd3 d5 6. Nf3 c5 7. O-O dxc4 8. Bxc4
Nbd7 9. Bd2 cxd4 10. Nxd4 Ne5 11. Bb3 Bd7 12. Qe2 a6 13. Rfd1 Qe7 1/2-1/2